| 000 | 00340nam a2200133 4500 | ||
|---|---|---|---|
| 999 |
_c8817 _d8817 |
||
| 003 | OSt | ||
| 005 | 20210208163455.0 | ||
| 008 | 210208b ||||| |||| 00| 0 eng d | ||
| 020 | _a5800104715955 | ||
| 082 |
_a720.47 _bwHI |
||
| 100 | _dWhite T Edward | ||
| 245 | _aPath portal place :apricating public space in built environment | ||
| 942 | _2ddc | ||